Pequeno azul e pequeno amarelo (Registo nº 4152)
[ vista simples ]
| 000 -Etiqueta do registo | |
|---|---|
| Cabeçalho | 00891nam0a2200301 4500 |
| 005 - Identificador da versão | |
| Campo de controlo | 20240813122054.0 |
| 010 ## - Número internacional normalizado dos livros (ISBN) | |
| Número (ISBN) | 9789728781538 |
| 021 ## - Número do Depósito Legal | |
| Código do país | PT |
| Número | 246131/06 |
| 100 ## - Dados gerais de processamento | |
| Dados gerais de processamento | 20170117d2010 b y0pory5003 ba |
| 102 ## - Pais de publicação ou produção | |
| País de publicação | Portugal |
| 101 0# - Língua de publicação | |
| Língua do texto, banda sonora, etc. | Português |
| 215 ## - Descrição física | |
| Indicação específica da natureza do documento e extensão da espécie | [44] p. |
| Outras indicações físicas | il. color |
| 200 1# - Titulo e menção de responsabilidade | |
| Título próprio | Pequeno azul e pequeno amarelo |
| Primeira menção de responsabilidade | Leo Lionni |
| Outras menções de responsabilidade | trad. de Isabelle Buratti e Miguel Mouro |
| 225 1# - Colecção | |
| Título próprio da colecção | Livros para sonhar |
| 210 ## - Publicação, Distribuição, etc. | |
| Lugar da edição, distribuição, etc. | Matosinhos |
| Nome do editor, distribuidor, etc. | Kalandraka |
| Data da publicação, distribuição, etc. | cop. 2010 |
| 300 ## - Notas gerais | |
| Texto da nota | PNL |
| 606 ## - Nome comum usado como assunto | |
| Número de registo de entrada de autoridade | 0001619 |
| Palavra de ordem | Literatura holandesa |
| Subdivisão de assunto | Conto |
| Código do sistema | CA |
| Número de registo de entrada de autoridade | 0001620 |
| Palavra de ordem | Cores |
| Código do sistema | CA |
| 675 ## - Classificação Decimal Universal (CDU) | |
| Notação | 821.112.5-34 |
| Edição | 3ª ed. |
| Língua da edição | por |
| Notação | 535-2 |
| Edição | 3ª ed. |
| Língua da edição | por |
| 702 #1 - Nome de autor-pessoa física (responsabilidade secundária) | |
| Número de registo de entrada de autoridade | 0000538 |
| Palavra de ordem | Buratti |
| Outra parte do nome não tomada para palavra de ordem | Isabelle |
| Código de função | Tradutor |
| Número de registo de entrada de autoridade | 0001623 |
| Palavra de ordem | Mouro |
| Outra parte do nome não tomada para palavra de ordem | Miguel |
| Código de função | Tradutor |
| 700 #1 - Nome de autor-pessoa física (responsabilidade principal) | |
| Número de registo de entrada de autoridade | 0000794 |
| Palavra de ordem | Lionni |
| Outra parte do nome não tomada para palavra de ordem | Leo |
| 966 ## - Identificação da Biblioteca | |
| Sigla | EBVEN |
| 942 ## - Elementos de entrada adicionados (Koha) | |
| Tipo de item no Koha | Livro |
| Situação do levantamento | Origin of item (home branch) (coded) | Biblioteca de empréstimo | Código de barras | Cota | Circulation type (not for loan) | Tipo de documento | Nota do exemplar | Damaged status |
|---|---|---|---|---|---|---|---|---|
| Biblioteca Escolar das Vendas | Biblioteca Escolar das Vendas | BEV2128 | 8EST LIO PNL | Livro | Sem mensagem |
